000 00505nam a22001937a 4500
999 _c3917
_d3917
003 OSt
005 20190328171748.0
008 181126b ||||| |||| 00| 0 eng d
020 _a0802410448
040 _cDLC
082 _aREF 224
_bJ54A
100 _aJensen, Irving L.
245 _aActs /
_cBy Irving L.Jensen.
260 _aChicago, USA :
_bMoody Bible Institute Of Chicago,
_cc1969.
300 _a104 p.:
490 _aA Self-Study Guide
650 _aActs
_xA Self-Study Guide
942 _2ddc
_cREF